00374pab a2200133 454500008004000000100001600040245007700056260000900133300001600142362001100158650003000169650002100199773002000220180718b2015 xxu||||| |||| 00| 0 eng d aPatil, R.M. aRole of government in promotion of excellence in Indian higher education c2015 ap.24-27,30. a20 Apr aHigher education - India  aHigher education aUniversity News